Знамената на държавите в Океания - Statistics

General Stats
  • This quiz has been taken 34 times
  • The average score is 12 of 14
Answer Stats
Picture Answer % Correct
Австралия
100%
Нова Зеландия
95%
Палау
90%
Кирибати
90%
Папуа Нова Гвинея
86%
Самоа
86%
Микронезия
86%
Соломонови острови
86%
Фиджи
86%
Тонга
81%
Маршали
71%
Вануату
71%
Тувалу
71%
Науру
62%
No matching quizzes found
Score Distribution
Percent of People with Each Score
Percentile by Number Answered
Your Score History
You have not taken this quiz